| 000 | 02133cas a2200541 a 4500 | ||
|---|---|---|---|
| 001 | 11234005 | ||
| 003 | dpl | ||
| 005 | 20080917050325.0 | ||
| 008 | 750901c19719999ii fr p 1 0eng d | ||
| 010 |
_a 79923104 _zsn 84011404 _z 96659136 |
||
| 022 |
_a0971-8966 _y0379-5101 _2z |
||
| 025 | _aI-F-E-604 | ||
| 030 | _aHMLGBX | ||
| 035 | _a(OCoLC)ocm01586618 | ||
| 040 |
_aMnMULS _cMnMULS _dNIC _dOCoLC _dNST _dAIP _dNST _dN _dNSDP _dNST _dDLC _dICRL _dDLC _dOCoLC _dOCoLC _dNLGGC _dNNC |
||
| 041 | _aenghin | ||
| 042 | _alc | ||
| 043 | _aah----- | ||
| 050 |
_aQE319.H5 _bH55 |
||
| 082 | _a555.4 | ||
| 210 | _aHimal. geol. | ||
| 222 | _aHimalayan geology | ||
| 245 | _aHimalayan geology. | ||
| 246 |
_iVol. 14 issued in Hindi with title: _aHimālayana bhūvijñāna |
||
| 260 |
_aDelhi : _bWadia Institute of Himalayan Geology, _c1971- |
||
| 300 |
_av. : _bill. ; _c24-28 cm. |
||
| 310 |
_aSemiannual, _b<1996-> |
||
| 321 |
_aAnnually, _b1971-1982 |
||
| 321 |
_aBi-annually _b1989- |
||
| 362 | _aVol. 1 (1971)- | ||
| 500 | _aPublished in Dehra Dun, 1977- | ||
| 500 | _aEach v. consists of proceedings of seminars and symposia on Himalayan geology organized by Wadia Institute of Himalayan Geology. | ||
| 500 | _aLatest issue consulted: Vol. 30, no. 1 (2008). | ||
| 510 |
_aChemical abstracts _x0009-2258 _b1971-1981 |
||
| 515 | _aNone published 1983-1988. | ||
| 515 | _aSome v. issued in pts. | ||
| 515 | _aVol. 28, no. 3 is called "abstract volume" and also carries a distinctive title. | ||
| 590 | _aSERBIB/SERLOC merged record | ||
| 650 |
_aGeology _zHimalaya Mountains. _93235 |
||
| 650 |
_aGeologie. _2gtt _93236 |
||
| 710 |
_aWadia Institute of Himalayan Geology. _93237 |
||
| 270 |
_a33-General Mahadeo Singh Road, _bDehradun _e248001 _k0135-265405 |
||
| 906 |
_a7 _bcbc _cserials _du _encip _f19 _gn-oclcserc |
||
| 942 |
_2ddc _cSR _h555.4 _kHIM _s1 |
||
| 999 |
_c21738 _d21738 |
||